000 00509nam a2200193Ia 4500
008 131103s9999 xx 000 0 und d
020 _a8123701691
_cRs.9
040 _aLoreto College
041 _aEnglish
082 _aREF
_bLCBED/13561
100 _aDutta, Arup Kumar
245 2 _aA story about tea
_cArup Kumar Dutta
260 _aNew Delhi
_bNational Book Trust
_c[19?]
300 _a64p.
_b pic.
_c 20cm.
440 _aNahru Bal Pustakalaya
650 _aREF
850 _aLCBED/REF
942 _cBK
999 _c33379
_d83858